Очерки по истории Академии наук. Геолого-географические науки; Введение; Развитие геологии и геологических исследований в Академии Наук; Минералогия в Академии Наук за 220 лет; Геохимия в Академии Наук; Петрографические работы Академии Наук; Исследования вулканов Академией Наук; Гидрогеологические работы в Академии Наук; Геология четвертичного периода в Академии Наук; Развитие почвоведения в Академии Наук; География в Академии Наук за 220 лет; Океанографические исследования Академии Наук; Исследования озера Байкал; Мерзлотоведение и работы Академии Наук по вечной мерзлоте
| Corporate Author: | |
|---|---|
| Other Authors: | |
| Summary: | Подписано к печати 25 мая 1945 года |
| Language: | Russian |
| Published: |
Москва, Изд-во АН СССР, 1945
|
| TOC: | В. А. Обручев, Введение; Н. С. Шатский, Развитие геологии и геологических исследований в Академии Наук; А. Е. Ферсман, Минералогия в Академии Наук за 220 лет; А. Е. Ферсман, К. А. Власов, Геохимия в Академии Наук; Б. М. Куплетский, Петрографические работы Академии Наук; А. Н. Заварицкий, Исследования вулканов Академией Наук; Ф. П. Саваренский, Гидрогеологические работы в Академии Наук; В. И. Громов, Геология четвертичного периода в Академии Наук; Л. И. Прасолов, Н. Н. Соколов, Развитие почвоведения в Академии Наук; А. А. Григорьев, Д. М. Лебедев, География в Академии Наук за 220 лет; П. П. Ширшов, В. Г. Богоров, Океанографические исследования Академии Наук; Д. Н. Талиев, Исследования озера Байкал; В. Ф. Тумель, Мерзлотоведение и работы Академии Наук по вечной мерзлоте; |
| Series: | 220 лет. Академия наук Союза ССР |
| Subjects: | |
| Format: | Book |
| KOHA link: | https://koha.lib.tpu.ru/cgi-bin/koha/opac-detail.pl?biblionumber=376500 |
MARC
| LEADER | 00000nam0a2200000 4500 | ||
|---|---|---|---|
| 001 | 376500 | ||
| 005 | 20231102012826.0 | ||
| 010 | |b 3000 экз. | ||
| 035 | |a (RuTPU)RU\TPU\retro\33940 | ||
| 035 | |a RU\TPU\book\312143 | ||
| 090 | |a 376500 | ||
| 100 | |a 20221222d1945 km y0rusy50 ca | ||
| 101 | 0 | |a rus | |
| 102 | |a RU | ||
| 105 | |a y z 010zy | ||
| 200 | 1 | |a Очерки по истории Академии наук. Геолого-географические науки |f Академия наук СССР (АН СССР) ; под ред. акад. В. А. Обручева | |
| 210 | |a Москва |a Ленинград |c Изд-во АН СССР |d 1945 | ||
| 215 | |a 104 с. | ||
| 225 | 1 | |a 220 лет. Академия наук Союза ССР | |
| 300 | |a Подписано к печати 25 мая 1945 года | ||
| 464 | |t Введение |f В. А. Обручев | ||
| 464 | |t Развитие геологии и геологических исследований в Академии Наук |f Н. С. Шатский | ||
| 464 | |t Минералогия в Академии Наук за 220 лет |f А. Е. Ферсман | ||
| 464 | |t Геохимия в Академии Наук |f А. Е. Ферсман, К. А. Власов | ||
| 464 | |t Петрографические работы Академии Наук |f Б. М. Куплетский | ||
| 464 | |t Исследования вулканов Академией Наук |f А. Н. Заварицкий | ||
| 464 | |t Гидрогеологические работы в Академии Наук |f Ф. П. Саваренский | ||
| 464 | |t Геология четвертичного периода в Академии Наук |f В. И. Громов | ||
| 464 | |t Развитие почвоведения в Академии Наук |f Л. И. Прасолов, Н. Н. Соколов | ||
| 464 | |t География в Академии Наук за 220 лет |f А. А. Григорьев, Д. М. Лебедев | ||
| 464 | |t Океанографические исследования Академии Наук |f П. П. Ширшов, В. Г. Богоров | ||
| 464 | |t Исследования озера Байкал |f Д. Н. Талиев | ||
| 464 | |t Мерзлотоведение и работы Академии Наук по вечной мерзлоте |f В. Ф. Тумель | ||
| 606 | 1 | |a Геология |x История |2 stltpush |3 (RuTPU)RU\TPU\subj\68097 |9 83634 | |
| 610 | 1 | |a Академия наук СССР | |
| 610 | 1 | |a Россия | |
| 610 | 1 | |a история | |
| 610 | 1 | |a история науки | |
| 610 | 1 | |a СССР | |
| 610 | 1 | |a наука | |
| 610 | 1 | |a геолого-географические науки | |
| 610 | 1 | |a коллекция В. А. Обручева | |
| 675 | |a 55(09) |v 3 | ||
| 702 | 1 | |a Обручев |b В. А. |c российский геолог |c профессор Томского технологического института |c исследователь Сибири, Центральной и Средней Азии |c географ |f 1863-1956 |g Владимир Афанасьевич |2 stltpush |3 (RuTPU)RU\TPU\pers\996 |4 340 | |
| 712 | 0 | 2 | |a Академия наук СССР (АН СССР) |2 stltpush |3 (RuTPU)RU\TPU\col\722 |
| 801 | 1 | |a RU |b 63413507 |c 20141121 | |
| 801 | 2 | |a RU |b 63413507 |c 20221222 |g RCR | |
| 942 | |c BK | ||